000
00307nam a22001337a 4500
008
190205b xxu||||| |||| 00| 0 eng d
020
_a
9780072829662
041
_a
eng
080
_2
9th
_a
330.722.6
100
_a
61
101
_a
KF
245
_a
Modern Advanced Accounting
_c
Larsen,E.J
942
_2
udc
_c
BK
999
_c
53965
_d
53965